Pharmacognosy of Indian Aconites/ (Record no. 172707)
[ view plain ]
| 000 -LEADER | |
|---|---|
| fixed length control field | 00611nam a22001937a 4500 |
| 005 - DATE AND TIME OF LATEST TRANSACTION | |
| control field | 20200211143646.0 |
| 010 ## - LCCN (DPL NO) | |
| LC control number | ENG-127686 |
| 020 ## - INTERNATIONAL STANDARD BOOK NUMBER | |
| Terms of availability | 700.00 |
| International Standard Book Number | 97881934755805 |
| 035 ## - SYSTEM CONTROL NUMBER | |
| System control number | EN-111218 |
| 037 ## - SOURCE OF ACQUISITION | |
| Source of stock number/acquisition | DBAD/PUB |
| 082 ## - DEWEY DECIMAL CLASSIFICATION NUMBER | |
| Classification number | 583.34 |
| 100 ## - MAIN ENTRY--PERSONAL NAME | |
| Personal name | Selvam,A.B |
| 245 ## - TITLE STATEMENT | |
| Title | Pharmacognosy of Indian Aconites/ |
| Remainder of title | by A.B.D Selvam |
| 260 ## - PUBLICATION, DISTRIBUTION, ETC. (IMPRINT) | |
| Place of publication, distribution, etc | Kolkata |
| Name of publisher, distributor, etc | Pharmacognosy of Indian Aconites |
| Date of publication, distribution, etc | 2018 |
| 270 ## - ADDRESS | |
| City | Kolkata |
| Address | CGO Comlex,3rd MSO Building,DF Block 5th and 6th floor, Sec1,Salt Lake |
| Postal code | 700064 |
| 300 ## - PHYSICAL DESCRIPTION | |
| Extent | 211p. |
| Other physical details | 23cm(hb) |
| 500 ## - GENERAL NOTE | |
| General note | includes index<br/> |
| 942 ## - ADDED ENTRY ELEMENTS (KOHA) | |
| Source of classification or shelving scheme | Dewey Decimal Classification |
| Item type | English Books |
| Classification part | 583.34 |
| Call number suffix | SEL |
| Withdrawn status | Lost status | Not for loan | Collection code | Home library | Current library | Date acquired | Source of acquisition | Cost, normal purchase price | Full call number | Barcode | Copy number | Cost, replacement price | Koha item type |
|---|---|---|---|---|---|---|---|---|---|---|---|---|---|
| Non-fiction | Central Library | Central Library | 11/02/2020 | DBAD/PUB | 700.00 | 583.34 SEL | EN-111218 | 1 | 700.00 | English Books |
